Fabulas de Samaniego / (Record no. 29677)

MARC details
000 -LEADER
fixed length control field 00780 a2200241 4500
001 - CONTROL NUMBER
control field sjds
003 - CONTROL NUMBER IDENTIFIER
control field sjds
005 - DATE AND TIME OF LATEST TRANSACTION
control field 20240520201714.0
008 - FIXED-LENGTH DATA ELEMENTS--GENERAL INFORMATION
fixed length control field 240520b |||||||| |||| 00| 0 spa d
020 ## - INTERNATIONAL STANDARD BOOK NUMBER
International Standard Book Number 9788467738162
020 ## - INTERNATIONAL STANDARD BOOK NUMBER
International Standard Book Number 8467738162
040 ## - CATALOGING SOURCE
Transcribing agency sjds
041 ## - LANGUAGE CODE
Language code of text/sound track or separate title spa
100 ## - MAIN ENTRY--PERSONAL NAME
Personal name Samaniego, Felix Maria
245 ## - TITLE STATEMENT
Title Fabulas de Samaniego /
Statement of responsibility, etc. Felix Maria Samaniego, Jean de La Fontaine, Alexandre Honore (Illustrator), Alvaro F. Villa (Translator)
246 ## - VARYING FORM OF TITLE
Title proper/short title Fabulas de F. M. Samaniego (y otras)
260 ## - PUBLICATION, DISTRIBUTION, ETC. (IMPRINT)
Place of publication, distribution, etc. Madrid :
Name of publisher, distributor, etc. Susaeta Ediciones,
Date of publication, distribution, etc. 2014
300 ## - PHYSICAL DESCRIPTION
Extent 125 pages :
Other physical details color illustrations ;
Dimensions 37 cm
700 1# - ADDED ENTRY--PERSONAL NAME
Personal name La Fontaine, Jean de
Relator term author
700 1# - ADDED ENTRY--PERSONAL NAME
Personal name Honore, Alexandre
Relator term (Illustrator)
700 1# - ADDED ENTRY--PERSONAL NAME
Personal name Villa, Alvaro F.
Relator term (Translator)
942 ## - ADDED ENTRY ELEMENTS (KOHA)
Koha item type Libro/Book
Holdings
Withdrawn status Lost status Damaged status Not for loan Home library Current library Date acquired Total Checkouts Full call number Barcode Date last seen Date checked out Price effective from Koha item type
        San Juan Del Sur -- Mobile Tortuga 30/04/2024 2 JI 33014412 03/09/2024 01/08/2024 30/04/2024 Libro/Book

Powered by Koha